Boris Zala: Ide o akt osobnej pomsty

Bibliographic Details
Main Authors: Kovačič, Martin (Author), Hotár, Viliam S., 1937- (Author), Kohút, Ľubomír (Author), Zala, Boris, 1954- (Author)
Format: Article
Language:Slovak
Subjects:

MARC

LEADER 00000nab a2200000 a 4500
001 vtls000572501
003 SK-MaSNL
005 20260303013504.0
008 150501c1996 xo 0 slo
015 |a SNBRB19rr/mm-uuuuu 
035 |a CL0572639 
040 |a SNKBUCL  |b slo  |c SNKBUCL  |e AACR2 
041 0 |a slo 
044 |a xo  |c SK 
080 |a 329.14(437.6)SDSS  |2 1981 
100 1 |a Kovačič, Martin  |4 aut  |9 991632 
245 1 0 |a Boris Zala: Ide o akt osobnej pomsty  |c Martin Kovačič 
650 0 7 |a Sociálnodemokratická strana na Slovensku  |2 snkbucl  |9 894013 
655 7 |a články z novín a časopisov  |2 snkbucl  |9 267496 
700 1 |a Hotár, Viliam S.,  |d 1937-  |4 aut  |9 12212 
700 1 |a Kohút, Ľubomír  |4 aut  |9 989205 
700 1 |a Zala, Boris,  |d 1954-  |4 aut  |9 105504 
773 0 |t Národná obroda  |g Roč. 7, č. 23 (29. 1. 1996), s. 2 
850 |a Slovenská národná knižnica v Martine  |a MTA001 
852 |a SNK  |b KIS3GCP 
958 |a RK 
958 |a SK 
992 |a RBX 
999 |c 1602913  |d 1604843